| 000 | 00973cam a2200289 i 4500 | ||
|---|---|---|---|
| 008 | |||
| 020 | _a9788179934241 (hbk.) | ||
| 049 | _aMAIN | ||
| 090 |
_aTD789.I4 _bWEA |
||
| 245 | 0 | 0 |
_aWealth from waste : _btrends and technologies / _ceditors, Banwari Lal and Priyangshu M. Sarma. |
| 250 | _a3rd ed. | ||
| 260 |
_aNew Delhi : _bThe Energy and Resources Institute, _c2011. |
||
| 300 |
_axii, 457 p. : _bill. ; _c25 cm. |
||
| 500 | _aIncludes index. | ||
| 504 | _aIncludes bibliographical references. | ||
| 650 | 0 |
_aIntegrated solid waste management _zIndia. |
|
| 650 | 0 |
_aRecycling (Waste, etc.) _zIndia. |
|
| 650 | 0 |
_aRefuse and refuse disposal _xBiodegradation _zIndia. |
|
| 700 | 1 | _aLal, Banwari. | |
| 700 | 1 | _aSarma, Priyangshu M. | |
| 710 | 2 | _aEnergy and Resources Institute. | |
| 907 |
_a.b10381090 _b18-07-17 _c18-07-17 |
||
| 003 | |||
| 005 | 20230123122250.0 | ||
| 040 | _cNUST | ||
| 942 |
_cBOOKS _kTD789.I4 _mWEA |
||
| 999 |
_c130659 _d130659 |
||